000 00839nam0a22002531 4500
001 rc\3343038
005 20260406130633.0
021 _aRU
_b[73-71862]
035 _a(NLR Aleph) 007431914
090 _a7024705
_c7024705
100 _a20130115d1973 |||y0rusy50 ca
101 0 _arus
102 _aRU
105 _aa z |||a|
200 1 _aРассказы
_e[Для дошкольного возраста
_fИл.: Р.В. Паранюшкин]
210 _aВолгоград
_cНиж.-Волж. кн. изд-во
_d1973
215 _a16 с.
_cил.
_d20
700 1 _8rus
_7ca
_aТолстой
_bЛ. Н.
_f1828-1910
_gЛев Николаевич
_3RU\NLR\AUTH\771515
_9111537
702 1 _aПаранюшкин
_bР.В.
_4440
801 0 _aRU
_bNLR
_gpsbo
801 1 _aRU
_bELAR
_2rusmarc
852 _aNLR
_j73-4/28566
942 _cBOOK
980 _aNB